Biblioteca y Centro de Documentación

Vista normal Vista MARC

Entrada Término de materia

Número de registros utilizados en: 193

001 - NÚMERO DE CONTROL

  • Campo de control: 26703

003 - IDENTIFICADOR DE NÚMERO DE CONTROL

  • Campo de control: ES-MaCES

005 - FECHA Y HORA DE LA ULTIMA MODIFICACION

  • Campo de control: 19981120142300.0

008 - ELEMENTOS DE DATOS DE LONGITUD FIJA

  • Campo de longitud fija: 981120 | azznnbabn || ana d

035 ## - NÚMERO DE CONTROL DEL SISTEMA

  • Número de control del sistema: (ILOT)0255

035 ## - NÚMERO DE CONTROL DEL SISTEMA

  • Número de control del sistema: CES19980000741s

040 ## - FUENTE DE LA CATALOGACIÓN

  • Agencia original de catalogación: ES-MaCES
  • Idioma de catalogación: spa
  • Agencia de transcripción: ES-MaCES

072 #7 - CÓDIGO DE CATEGORIA DE MATERIA

  • Código de categoría temática: 01.03.8
  • Fuente del código: ilot

150 ## - ENCABEZAMIENTO--MATERIA

  • Término de materia o geográfico como elemento de entrada: organización regional

550 ## - TRAZADO VEÁSE ADEMÁS--MATERIA

  • Término de materia o nombre geográfica como elemento de entrada: APEC

550 ## - TRAZADO VEÁSE ADEMÁS--MATERIA

  • Término de materia o nombre geográfica como elemento de entrada: cooperación regional

550 ## - TRAZADO VEÁSE ADEMÁS--MATERIA

  • Término de materia o nombre geográfica como elemento de entrada: desarrollo regional

550 ## - TRAZADO VEÁSE ADEMÁS--MATERIA

  • Término de materia o nombre geográfica como elemento de entrada: Estado miembro

550 ## - TRAZADO VEÁSE ADEMÁS--MATERIA

  • Término de materia o nombre geográfica como elemento de entrada: plan regional

550 ## - TRAZADO VEÁSE ADEMÁS--MATERIA

  • Término de materia o nombre geográfica como elemento de entrada: planificación regional

550 ## - TRAZADO VEÁSE ADEMÁS--MATERIA

  • Subcampo de control: g
  • Término de materia o nombre geográfica como elemento de entrada: organización internacional

550 ## - TRAZADO VEÁSE ADEMÁS--MATERIA

  • Subcampo de control: h
  • Término de materia o nombre geográfica como elemento de entrada: Plan de Colombo

750 #7 - ENTRADA DE ENLACE DE ENCABEZAMIENTO ESTABLECIDO--MATERIA

  • Término de materia o nombre geográfico como elemento de entrada: organisation régionale
  • Fuente del encabezamiento o término: tbit

750 #7 - ENTRADA DE ENLACE DE ENCABEZAMIENTO ESTABLECIDO--MATERIA

  • Término de materia o nombre geográfico como elemento de entrada: regional organization
  • Fuente del encabezamiento o término: ilot

901 ## - CES. DATOS SIRTEX

  • ID Sirtex (N5N8): 0007700000074
  • 005BIS Sirtex: 199811201423BATCH
© CES, Consejo Económico y Social de España 2021